[Event "Summer Team Tournament 2020"]
[Site "Skype"]
[Date "????.??.??"]
[Round "1"]
[White "Benson, Paul"]
[Black "Lovell, Stan"]
[Result "1-0"]
[WhiteElo "2080"]
[BlackElo "1634"]
[PlyCount "109"]

1. g3 d6 2. Bg2 e5 3. c4 Nd7 4. Nc3 Ngf6 5. e3 Be7 6. Nge2 O-O 7. O-O c6 8. b4
Nb6 9. d3 Rb8 10. a4 d5 11. c5 Na8 12. d4 e4 13. Nf4 a6 14. b5 Nc7 15. b6 Ne6
16. Nh3 h6 17. f3 exf3 18. Qxf3 Nh7 19. Bd2 Nhg5 20. Nxg5 Nxg5 21. Qf4 Nh3+ 22.
Bxh3 Bxh3 23. Rfe1 Bg5 24. Qf2 Qd7 25. e4 Bxd2 26. Qxd2 Be6 27. exd5 Bxd5 28.
Re3 Rfe8 29. Rae1 Rxe3 30. Qxe3 Be6 31. Qe5 Rd8 32. Rd1 Re8 33. Re1 Kf8 34. a5
Rd8 35. Ne4 Qc8 36. Nd6 Qd7 37. Kf2 Kg8 38. Ke3 Kf8 39. Kd3 Kg8 40. Kc3 Kf8 41.
Re4 Kg8 42. Rf4 f6 43. Qe4 Bd5 44. Qg6 Bf7 45. Qg4 Be6 46. Qe2 Bd5 47. Rf1 Bf7
48. g4 Bd5 49. h4 Bf7 50. g5 Qh3+ 51. Qf3 Qxf3+ 52. Rxf3 Rd7 53. gxf6 gxf6 54.
Rxf6 Bd5 55. Rxh6 1-0

[Event "Summer Team Tournament 2020"]
[Site "Skype"]
[Date "????.??.??"]
[Round "1"]
[White "Erten, Ozlem"]
[Black "Gharbi, Said"]
[Result "0-1"]
[WhiteElo "1388"]
[BlackElo "1578"]
[PlyCount "44"]

1. d4 e5 2. d5 Nf6 3. c4 Bc5 4. Nc3 O-O 5. e4 Bb4 6. Bd3 c6 7. Nf3 cxd5 8. cxd5
d6 9. O-O Nbd7 10. a3 Bxc3 11. bxc3 Nc5 12. Re1 Qa5 13. Bb2 Bg4 14. h3 Bxf3 15.
Qxf3 Na4 16. Bc2 Nxb2 17. Reb1 Na4 18. Rxb7 Qxc3 19. Qxc3 Nxc3 20. f3 Nh5 21.
g4 Nf4 22. Kf2 Nxh3+ 0-1

[Event "Summer Team Tournament 2020"]
[Site "Skype"]
[Date "????.??.??"]
[Round "1"]
[White "De Coninck, Philippe"]
[Black "Luunge, Abdi"]
[Result "0-1"]
[WhiteElo "1335"]
[BlackElo "1285"]
[PlyCount "58"]

1. d4 Nf6 2. Bf4 d6 3. e3 Bf5 4. Nf3 e6 5. Nbd2 a6 6. c4 Nc6 7. a3 d5 8. Rc1
Be4 9. Rc3 b6 10. Bd3 Bxd3 11. Rxd3 dxc4 12. Nxc4 Bd6 13. Bg3 O-O 14. Qc2 Ne7
15. Bh4 Ned5 16. e4 Nf4 17. e5 Nxg2+ 18. Kf1 Nxh4 19. Nxh4 Ng4 20. Rh3 Be7 21.
Ng2 g6 22. Rg1 Qxd4 23. Qe2 Qc5 24. Nf4 Nxf2 25. Qxf2 Qxc4+ 26. Kg2 Rad8 27.
Rc3 Qe4+ 28. Kh3 Bc5 29. Re1 Qf5+ 0-1

[Event "Summer Team Tournament 2020"]
[Site "Skype"]
[Date "????.??.??"]
[Round "1"]
[White "Maccaferri, Massimo"]
[Black "Bucherie, Volcy"]
[Result "1/2-1/2"]
[WhiteElo "1152"]
[BlackElo "1172"]
[PlyCount "211"]

1. e4 c6 2. d4 d5 3. e5 Bf5 4. Nf3 h6 5. Bd3 Bxd3 6. Qxd3 e6 7. h4 Nd7 8. g4 c5
9. c3 c4 10. Qe2 b5 11. g5 Nb6 12. gxh6 gxh6 13. h5 a5 14. b3 b4 15. bxc4 Nxc4
16. Nh4 bxc3 17. Nxc3 Bb4 18. Bd2 Qb6 19. Qd3 Na3 20. f4 Ne7 21. f5 Nxf5 22.
Nxf5 exf5 23. Qxf5 Qxd4 24. Rc1 Bxc3 25. Rxc3 Nc4 26. Qd3 Qxe5+ 27. Qe2 Rb8 28.
Kd1 Rb1+ 29. Bc1 Kd7 30. Qxe5 Nxe5 31. Rc5 Kd6 32. Rxa5 Nd3 33. Kc2 Rxc1+ 34.
Rxc1 Nxc1 35. Kxc1 f5 36. Ra6+ Ke5 37. Kd2 Ke4 38. Re6+ Kd4 39. a4 f4 40. a5 f3
41. a6 f2 42. Rf6 Ke4 43. Ke2 d4 44. Kxf2 d3 45. Re6+ Kf4 46. Rf6+ Kg4 47. a7
Kxh5 48. Rf7 Rd8 49. Ke1 Kg4 50. Rg7+ Kf3 51. Kd2 h5 52. Re7 h4 53. Re3+ Kf2
54. Rxd3 Ra8 55. Rh3 Rxa7 56. Rxh4 Rd7+ 57. Kc3 Rc7+ 58. Kd4 Rd7+ 59. Ke5 Kg3
60. Rh1 Kg2 61. Rb1 Re7+ 62. Kf6 Re3 63. Rb2+ Kf1 64. Kf5 Rf3+ 65. Ke4 Rf8 66.
Ke3 Re8+ 67. Kf3 Rf8+ 68. Ke3 Re8+ 69. Kd3 Rd8+ 70. Kc2 Rc8+ 71. Kb1 Ke1 72.
Rb3 Kd1 73. Rd3+ Ke2 74. Rd5 Rb8+ 75. Kc2 Rc8+ 76. Kb3 Rb8+ 77. Kc4 Rc8+ 78.
Kb5 Rb8+ 79. Kc6 Rc8+ 80. Kb7 Rh8 81. Rc5 Kd3 82. Ra5 Kc4 83. Ra4+ Kb5 84. Ra1
Rh7+ 85. Kc8 Kb6 86. Rb1+ Kc6 87. Rc1+ Kd6 88. Rd1+ Kc6 89. Kd8 Rh8+ 90. Ke7
Rh7+ 91. Kf6 Rh6+ 92. Kg5 Rd6 93. Ra1 Kd7 94. Ra7+ Kc8 95. Kf5 Rd5+ 96. Ke6 Rd1
97. Ra8+ Kb7 98. Ra2 Re1+ 99. Kd6 Rd1+ 100. Kc5 Rc1+ 101. Kb4 Rb1+ 102. Ka3 Rh1
103. Rb2+ Ka6 104. Ka4 Rh4+ 105. Ka3 Ka5 106. Ka2 1/2-1/2

[Event "Summer Team Tournament 2020"]
[Site "Skype"]
[Date "????.??.??"]
[Round "1"]
[White "Teles, Jeferson"]
[Black "Thevenet, Yann"]
[Result "1/2-1/2"]
[WhiteElo "1622"]
[BlackElo "1986"]
[PlyCount "69"]

1. e4 e5 2. Nf3 Nc6 3. c3 d5 4. Qa4 dxe4 5. Nxe5 Qd5 6. Nxc6 bxc6 7. Bc4 Qd6 8.
O-O Bd7 9. Qb3 Qg6 10. Re1 Bd6 11. Qb7 Rd8 12. d3 Ne7 13. dxe4 O-O 14. e5 Bh3
15. Bf1 Bxe5 16. Na3 Nf5 17. Nc4 Bd6 18. Nxd6 Rxd6 19. Bf4 Rf6 20. Bxc7 Bg4 21.
Qxa7 h5 22. Bd3 Bf3 23. Bg3 Bxg2 24. Kxg2 Nh4+ 25. Kh1 Qxd3 26. Bxh4 Qf3+ 27.
Kg1 Rg6+ 28. Bg3 h4 29. Re3 Qh5 30. Rae1 hxg3 31. hxg3 Qh3 32. Qc5 f5 33. Re8
Rxg3+ 34. fxg3 Qxg3+ 35. Kf1 1/2-1/2

[Event "Summer Team Tournament 2020"]
[Site "Skype"]
[Date "????.??.??"]
[Round "1"]
[White "Kruk, Clementine"]
[Black "Lucena Vaz, Jose"]
[Result "1-0"]
[WhiteElo "1548"]
[BlackElo "1527"]
[PlyCount "77"]

1. e4 g6 2. d4 Bg7 3. Nf3 d6 4. Nc3 Nf6 5. Bc4 Nbd7 6. O-O O-O 7. h3 Re8 8. Be3
e5 9. d5 a6 10. a4 Nb6 11. Bb3 Bd7 12. a5 Nc8 13. Qd2 Kh8 14. Bh6 Rg8 15. Ng5
Qe8 16. Bxg7+ Rxg7 17. Rfe1 Nh5 18. Re3 f5 19. Ne6 Bxe6 20. dxe6 Ne7 21. Nd5 f4
22. Rf3 Nxd5 23. Bxd5 c6 24. Bb3 Rd8 25. Rd1 Qe7 26. Qc3 Nf6 27. Re1 d5 28.
exd5 cxd5 29. Qxe5 Rd6 30. Rxf4 Nd7 31. Qe3 d4 32. Rxd4 Rxd4 33. Qxd4 Nc5 34.
Bc4 b5 35. axb6 a5 36. Qe5 Nb7 37. Rd1 Nd6 38. Rxd6 Qxd6 39. Qxd6 1-0

[Event "Summer Team Tournament 2020"]
[Site "Skype"]
[Date "????.??.??"]
[Round "1"]
[White "Franca, Diego"]
[Black "Duthoit, Bernard"]
[Result "1/2-1/2"]
[WhiteElo "1307"]
[BlackElo "1334"]
[PlyCount "70"]

1. d4 e5 2. c4 exd4 3. Qxd4 Nf6 4. e4 Nc6 5. Qd3 Bb4+ 6. Bd2 Bxd2+ 7. Nxd2 O-O
8. Ngf3 d6 9. Be2 Re8 10. O-O Be6 11. Qb3 b6 12. Rfe1 Na5 13. Qc2 c5 14. Ng5 h6
15. Nxe6 Rxe6 16. Bf3 Rb8 17. Nb3 Nb7 18. Rad1 Qe7 19. Nd2 Re8 20. g3 a6 21. a4
Re5 22. Bg2 Nd8 23. f4 Rh5 24. Bf3 Ne6 25. Bxh5 Nxh5 26. Nf3 g5 27. Rd5 Nf6 28.
Rxd6 Qxd6 29. e5 Qe7 30. f5 g4 31. exf6 Qxf6 32. fxe6 Rxe6 33. Rxe6 Qxe6 34.
Nd2 Qe1+ 35. Kg2 Qe2+ 1/2-1/2

[Event "Summer Team Tournament 2020"]
[Site "Skype"]
[Date "????.??.??"]
[Round "1"]
[White "Dhenain, Sebastien"]
[Black "Amaral, Eliabe"]
[Result "0-1"]
[WhiteElo "1190"]
[BlackElo "1000"]
[PlyCount "124"]

1. e4 c5 2. c3 d6 3. Nf3 Nc6 4. d4 cxd4 5. cxd4 e6 6. Bb5 Bd7 7. d5 Ne5 8.
Bxd7+ Qxd7 9. Nxe5 dxe5 10. Nc3 Nf6 11. O-O Be7 12. h3 O-O 13. Re1 a6 14. Bg5
exd5 15. Nxd5 Nxd5 16. Bxe7 Qxe7 17. exd5 Rfd8 18. Rc1 f6 19. Qb3 Qf7 20. Red1
b5 21. Rc2 Rd6 22. Rcd2 Rad8 23. a4 Qb7 24. axb5 Qxb5 25. Qxb5 axb5 26. Rc1
Rxd5 27. Rdc2 Kf7 28. Rc7+ Kg6 29. Rb7 Rd1+ 30. Rxd1 Rxd1+ 31. Kh2 Rd5 32. Kg1
f5 33. Rb6+ Kf7 34. Rb7+ Kf6 35. Rb6+ Ke7 36. Rb7+ Kf8 37. Rb8+ Kf7 38. Rb7+
Kf6 39. Rb6+ Kg5 40. g3 g6 41. Kg2 f4 42. h4+ Kg4 43. Rf6 fxg3 44. fxg3 Rd2+
45. Kf1 Rxb2 46. Rf7 h5 47. Rg7 Kxg3 48. Rxg6+ Kxh4 49. Re6 Kg3 50. Rxe5 h4 51.
Re4 Kf3 52. Re1 h3 53. Kg1 Rg2+ 54. Kh1 Kf2 55. Re5 b4 56. Rf5+ Ke3 57. Re5+
Kd4 58. Rh5 Rg3 59. Rh4+ Kc3 60. Kh2 Rd3 61. Rh8 b3 62. Rc8+ Kb2 0-1

[Event "Summer Team Tournament 2020"]
[Site "Skype"]
[Date "????.??.??"]
[Round "1"]
[White "Figueroa, Tomas"]
[Black "Sepulveda, Lyda Marcela"]
[Result "1-0"]
[WhiteElo "2093"]
[BlackElo "1672"]
[PlyCount "41"]

1. Nf3 Nf6 2. d4 d5 3. c4 e6 4. Nc3 Nbd7 5. Bg5 Be7 6. e3 c6 7. Qc2 O-O 8.
O-O-O a6 9. e4 dxe4 10. Nxe4 Nxe4 11. Bxe7 Qxe7 12. Qxe4 Nf6 13. Qh4 Bd7 14.
Bd3 h6 15. g4 Rfe8 16. g5 Nh7 17. Rhg1 Kh8 18. Qh5 f5 19. Ne5 Nf8 20. gxh6 g6
21. Rxg6 1-0

[Event "Summer Team Tournament 2020"]
[Site "Skype"]
[Date "????.??.??"]
[Round "1"]
[White "Chavero, Victor"]
[Black "Marino, Giuseppe"]
[Result "1-0"]
[WhiteElo "1448"]
[BlackElo "1465"]
[PlyCount "133"]

1. d4 d5 2. Nf3 Nf6 3. e3 Bg4 4. Bd3 e6 5. a3 Bd6 6. b3 c6 7. Bb2 Nbd7 8. Nbd2
e5 9. e4 dxe4 10. Nxe4 Nxe4 11. Bxe4 exd4 12. Qxd4 Bxf3 13. Bxf3 Nf6 14. O-O
O-O 15. Rad1 Be7 16. Qe5 Qe8 17. Rfe1 Rd8 18. Qxe7 Rxd1 19. Bxd1 Qc8 20. Bxf6
gxf6 21. Qxf6 Re8 22. Qg5+ Kf8 23. Rxe8+ Qxe8 24. Qe3 Qd8 25. Qd3 Qe7 26. Kf1
Qxa3 27. Qxh7 Qd6 28. Qh8+ Ke7 29. Qh4+ Kf8 30. Ke1 Qe5+ 31. Be2 Qc3+ 32. Kd1
Qe5 33. Qg3 Qa1+ 34. Kd2 Qd4+ 35. Bd3 b5 36. Qe3 Qb4+ 37. Ke2 Qg4+ 38. Qf3 Qe6+
39. Qe4 Qh6 40. h4 Qf6 41. g3 a5 42. f4 Qh6 43. Qe5 f6 44. Qb8+ Ke7 45. Qc7+
Kf8 46. Qxc6 Qh5+ 47. Qf3 Qc5 48. Qa8+ Kg7 49. Qxa5 Qe7+ 50. Kf3 Qb7+ 51. Kf2
Qd5 52. Qxb5 Qd4+ 53. Kf3 Qd6 54. Qh5 Qc6+ 55. Kf2 Qb6+ 56. Kf1 Kf8 57. Qg6 Qd6
58. h5 Qc6 59. h6 Qh1+ 60. Ke2 Qg2+ 61. Kd1 Qg1+ 62. Kd2 Qf2+ 63. Kc3 Qc5+ 64.
Kb2 Qd4+ 65. c3 Qf2+ 66. Bc2 Ke7 67. h7 1-0

[Event "Summer Team Tournament 2020"]
[Site "Skype"]
[Date "????.??.??"]
[Round "1"]
[White "Mantelli, Luca"]
[Black "Felippe e Silva, Glenda"]
[Result "1/2-1/2"]
[WhiteElo "1388"]
[BlackElo "1308"]
[PlyCount "134"]

1. e4 c6 2. Nf3 d5 3. Nc3 Bg4 4. h3 Bxf3 5. Qxf3 dxe4 6. Nxe4 Nd7 7. d4 Ngf6 8.
Nxf6+ Nxf6 9. c3 e6 10. Bf4 Bd6 11. Bd3 O-O 12. O-O Nd5 13. Bxd6 Qxd6 14. Rfe1
h6 15. Bc2 a5 16. Qd3 Nf6 17. Re3 Rfd8 18. Rd1 b6 19. Rg3 Kf8 20. Qe3 Nd5 21.
Qe2 Ra7 22. Qg4 f5 23. Qe2 Rf7 24. c4 Nf4 25. Qd2 Qc7 26. Qe3 Rf6 27. Rf3 g5
28. Qe5 Qxe5 29. dxe5 Rxd1+ 30. Bxd1 Rf7 31. Re3 Rd7 32. Bb3 Rd2 33. c5 b5 34.
g3 Nd5 35. g4 Nxe3 36. fxe3 Ke7 37. gxf5 exf5 38. e6 Rxb2 39. Kf1 f4 40. exf4
gxf4 41. Kg1 f3 42. Kf1 Rg2 43. Bd1 f2 44. Kxg2 Kxe6 45. Kxf2 Kd5 46. Ke3 Kxc5
47. Bf3 b4 48. Kd3 a4 49. Kc2 Kb5 50. h4 c5 51. Be2+ c4 52. Kb2 b3 53. axb3
axb3 54. Kc3 b2 55. Kxb2 Kb4 56. h5 c3+ 57. Kc2 Kc5 58. Kxc3 Kd5 59. Kd3 Ke5
60. Ke3 Kf5 61. Kf3 Kg5 62. Kg3 Kf5 63. Kh4 Kf4 64. Bg4 Ke5 65. Bc8 Kf4 66. Bd7
Kf3 67. Bg4+ Kf4 1/2-1/2

[Event "Summer Team Tournament 2020"]
[Site "Skype"]
[Date "????.??.??"]
[Round "1"]
[White "Meza, Rafael"]
[Black "Zanotti, Damiano"]
[Result "1-0"]
[WhiteElo "1000"]
[BlackElo "1000"]
[PlyCount "59"]

1. c4 Nf6 2. d4 e6 3. Nf3 d5 4. e3 c6 5. Qc2 Nbd7 6. Be2 b6 7. O-O c5 8. h3
cxd4 9. exd4 Bd6 10. Nc3 O-O 11. Re1 Re8 12. Bg5 h6 13. Bh4 Bb7 14. b3 Ne4 15.
Bxd8 Raxd8 16. Nb5 a6 17. Nxd6 Nxd6 18. Bd3 Nf6 19. Rac1 Rc8 20. Qe2 b5 21.
cxb5 Nxb5 22. Bxb5 axb5 23. Qxb5 Rb8 24. Ne5 Ba8 25. Qa4 Rbd8 26. Rc7 Rf8 27.
Rec1 Ne8 28. Rc8 Rxc8 29. Rxc8 Bb7 30. Rd8 1-0

[Event "Summer Team Tournament 2020"]
[Site "Skype"]
[Date "????.??.??"]
[Round "1"]
[White "Care Garcia, Jose Joaquin"]
[Black "Diaz, Jose Garcia"]
[Result "1-0"]
[WhiteElo "1796"]
[BlackElo "1860"]
[PlyCount "106"]

1. e4 g6 2. d4 Bg7 3. c3 e6 4. Nf3 Ne7 5. Bd3 O-O 6. O-O d5 7. e5 b6 8. Bg5 f6
9. exf6 Bxf6 10. Bxf6 Rxf6 11. Nbd2 Ba6 12. Bxa6 Nxa6 13. Qe2 Nb8 14. Ne5 Qd6
15. Rfe1 Kg7 16. Ng4 Rf7 17. Qxe6 Nbc6 18. Qxd6 cxd6 19. f3 h5 20. Nf2 Raf8 21.
Re6 Nf5 22. Rae1 Nd8 23. Re8 Rxe8 24. Rxe8 Rd7 25. Re1 g5 26. Nf1 Kf6 27. Ne3
Nxe3 28. Rxe3 Ne6 29. Nd3 a5 30. Re2 Rg7 31. g3 h4 32. Kg2 Re7 33. g4 Rf7 34.
h3 Ke7 35. Kf2 Kd7 36. Ke3 Kc6 37. Rf2 b5 38. a3 Re7 39. Kd2 Kd7 40. f4 gxf4
41. Nxf4 Ng5 42. Re2 Ne4+ 43. Kd3 Rf7 44. Nxd5 Nf2+ 45. Ke3 Nxh3 46. Rh2 Ng5
47. Rxh4 Kc6 48. Nf4 Re7+ 49. Kd3 d5 50. Rh6+ Kd7 51. Nxd5 Re1 52. Rb6 Rg1 53.
Rxb5 Rxg4 1-0

[Event "Summer Team Tournament 2020"]
[Site "Skype"]
[Date "????.??.??"]
[Round "1"]
[White "Rodriguez Gonzalez, Jaime Rafael"]
[Black "Lezcano, Reina"]
[Result "1-0"]
[WhiteElo "1473"]
[BlackElo "1481"]
[PlyCount "55"]

1. e4 c5 2. Nc3 d6 3. f4 Nd7 4. Nf3 Qc7 5. Bc4 Ngf6 6. O-O e6 7. d3 Be7 8. Re1
O-O 9. a3 a6 10. h3 b5 11. Ba2 Bb7 12. Be3 d5 13. exd5 exd5 14. Bd2 Rfe8 15.
Ne2 Nh5 16. Nc3 d4 17. Nd5 Qd6 18. Nxe7+ Rxe7 19. Rxe7 Qxe7 20. Qe1 Qd6 21. Ng5
Nxf4 22. Bxf7+ Kf8 23. Bxf4 Qxf4 24. Ne6+ Kxf7 25. Nxf4 Re8 26. Qf2 Kg8 27. Re1
Rf8 28. Qd2 1-0

[Event "Summer Team Tournament 2020"]
[Site "Skype"]
[Date "????.??.??"]
[Round "1"]
[White "Vasquez Giraldo, Yobani"]
[Black "Munoz Gonzalez, Martin"]
[Result "1-0"]
[WhiteElo "1150"]
[BlackElo "1393"]
[PlyCount "91"]

1. e4 d6 2. d4 Nf6 3. Nc3 g6 4. Nf3 Bg7 5. Bc4 O-O 6. O-O Nbd7 7. Bg5 c5 8. d5
Nb6 9. Bb3 c4 10. Ba4 Nxa4 11. Nxa4 b5 12. Nc3 b4 13. Ne2 Nxe4 14. Ned4 Nxg5
15. Nxg5 e6 16. f4 Qf6 17. c3 bxc3 18. bxc3 e5 19. Ne4 Qd8 20. Nc6 Qb6+ 21. Kh1
Qc7 22. Qd2 Bb7 23. Nb4 a5 24. Nc2 exf4 25. Qxf4 Bxd5 26. Nf6+ Kh8 27. Nxd5 Qd8
28. Qxc4 Rc8 29. Qd3 Be5 30. Rf3 Rc5 31. Raf1 f6 32. c4 Kg7 33. Nce3 Qd7 34. h3
Qe6 35. Rb1 Re8 36. Rb7+ Kg8 37. Nc7 Rxc7 38. Rxc7 Rb8 39. Nd5 Re8 40. Ra7 f5
41. Nc7 Qe7 42. Qd5+ Kf8 43. Nxe8 Qxa7 44. Nxd6 Bxd6 45. Qxd6+ Kg7 46. c5 1-0

[Event "Summer Team Tournament 2020"]
[Site "Skype"]
[Date "????.??.??"]
[Round "1"]
[White "Linares Vernet, Ana"]
[Black "Rodriguez, Gisselle"]
[Result "1-0"]
[WhiteElo "1175"]
[BlackElo "1000"]
[PlyCount "67"]

1. d4 d5 2. Nf3 e6 3. e3 c5 4. c3 Nc6 5. Bb5 Bd7 6. O-O Be7 7. Nbd2 Nf6 8. h3
O-O 9. Re1 a6 10. Bxc6 Bxc6 11. Ne5 Qd6 12. b3 b5 13. Nxc6 Qxc6 14. Nf3 Rae8
15. Ne5 Qd6 16. Bb2 Rc8 17. Rc1 a5 18. Qe2 Rb8 19. Rf1 a4 20. Qc2 cxd4 21. exd4
Ng4 22. Nxg4 e5 23. Nxe5 axb3 24. axb3 b4 25. c4 Qxe5 26. dxe5 Rbd8 27. Bd4 Rd6
28. exd6 Bxd6 29. cxd5 Re8 30. Rfe1 Rb8 31. Be5 Be7 32. Bxb8 Bg5 33. Qc8+ Bd8
34. Re8# 1-0

[Event "Summer Team Tournament 2020"]
[Site "Skype"]
[Date "????.??.??"]
[Round "1"]
[White "Deville, Olivier"]
[Black "Couto, Januario"]
[Result "1-0"]
[WhiteElo "2023"]
[BlackElo "1612"]
[PlyCount "40"]

1. d4 e6 2. Nf3 f5 3. g3 Nf6 4. Bg2 d5 5. O-O Bd6 6. c4 c6 7. b3 O-O 8. Bb2 Bd7
9. Nbd2 Be8 10. Ne5 Nbd7 11. Nd3 Rc8 12. f3 dxc4 13. bxc4 c5 14. e4 fxe4 15.
fxe4 Bh5 16. Qe1 Bc7 17. e5 Ng4 18. Bxb7 Rb8 19. Bf3 Ndxe5 20. Nxe5 Bxe5 1-0

[Event "Summer Team Tournament 2020"]
[Site "Skype"]
[Date "????.??.??"]
[Round "1"]
[White "Ortiz, Vladimir"]
[Black "Pouteau, Pascal"]
[Result "1-0"]
[WhiteElo "1553"]
[BlackElo "1454"]
[PlyCount "61"]

1. e4 c6 2. d4 d5 3. e5 Bf5 4. Bd3 Bg6 5. h4 Bxd3 6. Qxd3 e6 7. Nf3 Nd7 8. Bd2
Ne7 9. Nc3 c5 10. Nb5 Nf5 11. c4 a6 12. Na3 Be7 13. cxd5 cxd4 14. dxe6 Nxh4 15.
exd7+ Qxd7 16. Nxh4 b5 17. Nf5 Bf8 18. Nc2 Rc8 19. Nfxd4 g6 20. Rc1 Bg7 21. Qe2
O-O 22. e6 fxe6 23. Qxe6+ Qxe6+ 24. Nxe6 Rfe8 25. Ne3 Rxc1+ 26. Bxc1 Rxe6 27.
O-O Bh6 28. g3 Rc6 29. a3 Rc5 30. Kg2 Re5 31. Ng4 1-0

[Event "Summer Team Tournament 2020"]
[Site "Skype"]
[Date "????.??.??"]
[Round "1"]
[White "Vincent, Andre"]
[Black "Torres, Vicky"]
[Result "1-0"]
[WhiteElo "1328"]
[BlackElo "1256"]
[PlyCount "153"]

1. d4 Nf6 2. Bf4 d5 3. Nf3 Nc6 4. e3 e6 5. c3 Bd6 6. Bg3 Ne4 7. Bd3 e5 8. dxe5
Nxe5 9. Bxe5 Bc5 10. Nbd2 Bf5 11. Nxe4 dxe4 12. Bb5+ c6 13. Bxc6+ bxc6 14.
Qxd8+ Rxd8 15. Nd2 O-O 16. Nb3 Bb6 17. Bd4 Rb8 18. Bxb6 axb6 19. O-O c5 20.
Rfd1 Bg4 21. Rd2 Bh5 22. h3 f5 23. Rf1 Ra8 24. a3 Bf7 25. Nc1 Rad8 26. Rfd1 Rc8
27. Rd6 Rb8 28. R1d2 b5 29. Ne2 Bc4 30. Nf4 g5 31. Nh5 Kh8 32. Rd7 Bf7 33. Nf6
Bg6 34. R2d6 f4 35. Nxh7 Bxh7 36. Rh6 Rfd8 37. Rhxh7+ Kg8 38. Rhg7+ Kh8 39.
Rxd8+ Rxd8 40. Rxg5 fxe3 41. fxe3 Rd3 42. Rg3 Rd1+ 43. Kh2 Re1 44. Rg5 Rxe3 45.
Rxc5 Re2 46. Rxb5 e3 47. b4 Rc2 48. Rc5 e2 49. Re5 Rxc3 50. Rxe2 Rxa3 51. b5
Rb3 52. Re8+ Kh7 53. Rb8 Kg6 54. b6 Kf6 55. b7 Ke7 56. h4 Rb5 57. g3 Kd7 58.
Rg8 Rxb7 59. Rg7+ Kc6 60. Rxb7 Kxb7 61. g4 Kc7 62. g5 Kd7 63. h5 Ke7 64. h6 Kf7
65. Kg3 Kg6 66. Kf4 Kf7 67. Kf5 Kg8 68. g6 Kh8 69. Kf6 Kg8 70. h7+ Kh8 71. g7+
Kxh7 72. Kf7 Kh6 73. g8=Q Kh5 74. Qg6+ Kh4 75. Kf6 Kh3 76. Kf5 Kh4 77. Qg4# 1-0

[Event "Summer Team Tournament 2020"]
[Site "Skype"]
[Date "????.??.??"]
[Round "1"]
[White "Zequeda, Javier"]
[Black "Gagnon, Sindy"]
[Result "1-0"]
[WhiteElo "1000"]
[BlackElo "1031"]
[PlyCount "43"]

1. d4 d5 2. e3 Nf6 3. c4 c6 4. Nc3 g6 5. Bd3 Bg7 6. Nf3 O-O 7. O-O Be6 8. h3
dxc4 9. Bc2 Nbd7 10. e4 Ne8 11. d5 cxd5 12. exd5 Bf5 13. Bxf5 gxf5 14. Qc2 Nd6
15. Bf4 Re8 16. Bxd6 exd6 17. Qxf5 Nf6 18. Rfe1 Rf8 19. Ne4 Nxe4 20. Rxe4 Bxb2
21. Ng5 Bxa1 22. Qxh7# 1-0

[Event "Summer Team Tournament 2020"]
[Site "Skype"]
[Date "????.??.??"]
[Round "1"]
[White "Aranzubia, Desiderio"]
[Black "Esmeralda Sanchez Ruiz, Piedad"]
[Result "0-1"]
[WhiteElo "1602"]
[BlackElo "1721"]
[PlyCount "88"]

1. d4 d5 2. c4 e6 3. Nf3 Nf6 4. Nc3 Be7 5. Bg5 Nbd7 6. cxd5 exd5 7. e3 O-O 8.
Bd3 b6 9. O-O Bb7 10. Rc1 Re8 11. Re1 Ne4 12. Bxe7 Rxe7 13. Nd2 Ndf6 14. Be2
Qd7 15. Qc2 a6 16. Ncxe4 dxe4 17. Nc4 Bd5 18. Ne5 Qd6 19. Bc4 c5 20. Bxd5 Qxd5
21. Nc4 Rb8 22. b3 cxd4 23. exd4 Qxd4 24. Ne3 Qe5 25. Qe2 b5 26. Ng4 Qe6 27.
Nxf6+ Qxf6 28. Rc2 h6 29. Qe3 Rd8 30. Rd2 Rde8 31. Rde2 Qg6 32. Qd4 f5 33. Qd2
Qf6 34. Qb2 Qg5 35. Qd2 f4 36. f3 e3 37. Qd4 Qf5 38. Rf1 Rd7 39. Qa1 Red8 40.
Rfe1 Rd2 41. h3 Qc2 42. Kf1 Rxe2 43. Rxe2 Rd1+ 44. Re1 Rxa1 0-1

[Event "Summer Team Tournament 2020"]
[Site "Skype"]
[Date "????.??.??"]
[Round "1"]
[White "Sanchez Ruiz, Justo"]
[Black "Escudero, Francisco"]
[Result "1-0"]
[WhiteElo "1547"]
[BlackElo "1414"]
[PlyCount "43"]

1. e4 c5 2. Nf3 Nc6 3. d4 cxd4 4. Nxd4 Nxd4 5. Qxd4 d6 6. Nc3 e5 7. Qd1 Bd7 8.
Be3 Nf6 9. Be2 a6 10. O-O Rc8 11. h3 Bc6 12. Nd5 Nxe4 13. Bg4 Rb8 14. Bb6 Qg5
15. Nc7+ Ke7 16. Be3 Qh4 17. f4 f6 18. fxe5 fxe5 19. Nd5+ Bxd5 20. Qxd5 Nf6 21.
Qe6+ Kd8 22. Bb6# 1-0

[Event "Summer Team Tournament 2020"]
[Site "Skype"]
[Date "????.??.??"]
[Round "1"]
[White "Hernandez, Joaquin"]
[Black "Alarcon Alarcon, Florentina"]
[Result "1/2-1/2"]
[WhiteElo "1300"]
[BlackElo "1363"]
[PlyCount "122"]

1. d4 d5 2. Bf4 Nf6 3. e3 e6 4. Bd3 Nbd7 5. Nf3 c5 6. b3 Be7 7. Nbd2 O-O 8. O-O
b6 9. Ne5 Bb7 10. Ndf3 h6 11. Bb5 a6 12. Bc6 Qc8 13. Bxb7 Qxb7 14. Nxd7 Nxd7
15. Ne5 cxd4 16. Qg4 Kh7 17. exd4 Nf6 18. Qh3 Rac8 19. Rac1 Ba3 20. Qd3+ g6 21.
Rce1 Bb4 22. Re3 Rc3 23. Qe2 Rxe3 24. Bxe3 b5 25. Qf3 Kg7 26. Ng4 Nxg4 27. Qxg4
Bd6 28. Bf4 Bxf4 29. Qxf4 Qe7 30. Re1 Rc8 31. Qc1 Qb4 32. Re2 Qxd4 33. Rd2 Qc3
34. h4 a5 35. a3 b4 36. a4 Qf6 37. g3 Rc3 38. Rd3 e5 39. Rxd5 Rf3 40. Qe1 Rc3
41. Qxe5 Qxe5 42. Rxe5 Rxc2 43. Rxa5 Rb2 44. Kf1 Rxb3 45. Ke1 Ra3 46. Kd2 Ra2+
47. Ke3 b3 48. Kd3 Rxf2 49. Kc3 Rf3+ 50. Kb2 Rxg3 51. Rb5 Re3 52. a5 Re8 53.
Rxb3 Ra8 54. Ra3 Kf6 55. Kc3 Ke6 56. Kc4 f5 57. Kd4 Kd6 58. Kc4 Kc6 59. Kd4 Kd6
60. Kc4 Kc6 61. Kd4 Kd6 1/2-1/2

[Event "Summer Team Tournament 2020"]
[Site "Skype"]
[Date "????.??.??"]
[Round "1"]
[White "Alarcon Alarcon, Marina"]
[Black "Montilla Bejarano, Carmen"]
[Result "0-1"]
[WhiteElo "1198"]
[BlackElo "1077"]
[PlyCount "100"]

1. e4 d6 2. Nf3 g6 3. Nc3 Bg7 4. Bb5+ c6 5. Bc4 b5 6. Be2 Nf6 7. d3 e5 8. Be3
O-O 9. O-O Nbd7 10. Qc1 Bb7 11. Bh6 b4 12. Bxg7 Kxg7 13. Nb1 Qc7 14. c3 a5 15.
Nbd2 Rfe8 16. Re1 d5 17. h3 c5 18. Nh2 dxe4 19. Nxe4 Nxe4 20. dxe4 Bxe4 21. Bf3
Bxf3 22. Nxf3 Re7 23. a3 b3 24. c4 a4 25. Qg5 f6 26. Qg3 Rae8 27. Rad1 Qb8 28.
Nh4 e4 29. Qxb8 Nxb8 30. Re3 Rd7 31. Rxd7+ Nxd7 32. f4 f5 33. g4 fxg4 34. hxg4
h6 35. f5 gxf5 36. Nxf5+ Kg6 37. Nd6 Re5 38. Nf7 Kxf7 39. Kg2 Nf6 40. Kg3 Kg6
41. Kf4 Rg5 42. Rg3 h5 43. Ke3 hxg4 44. Ke2 Nh5 45. Re3 Nf4+ 46. Kf2 Nd3+ 47.
Ke2 g3 48. Rxe4 g2 49. Kxd3 g1=Q 50. Re6+ Kh5 0-1

[Event "Summer Team Tournament 2020"]
[Site "Skype"]
[Date "????.??.??"]
[Round "1"]
[White "Martinez Quintero, Javier"]
[Black "Khunte, Aniruddha"]
[Result "1-0"]
[WhiteElo "1773"]
[BlackElo "1652"]
[PlyCount "81"]

1. d4 Nf6 2. c4 e6 3. Nf3 b6 4. g3 Bb7 5. Bg2 Be7 6. O-O O-O 7. Nc3 d6 8. Qc2
Nbd7 9. e4 c5 10. e5 cxd4 11. exd6 Bxd6 12. Nxd4 Bxg2 13. Kxg2 Rc8 14. b3 Qc7
15. Kg1 Ne5 16. Ncb5 Qd7 17. Nxd6 Qxd6 18. Bb2 Rfd8 19. Rad1 Qc7 20. Qe2 Ng6
21. Nb5 Qe7 22. Ba3 Qb7 23. Nd6 Qa6 24. Nxc8 Rxc8 25. Bb4 Qb7 26. Bc3 Ne4 27.
Bb2 Ng5 28. f3 Nh3+ 29. Kh1 h6 30. Bc1 Rc5 31. Rd8+ Kh7 32. Qe4 Qxe4 33. fxe4
b5 34. Kg2 Ng5 35. Bxg5 hxg5 36. cxb5 Rc2+ 37. Rf2 Rc5 38. Rd7 Rxb5 39. Rfxf7
Kh6 40. Rxg7 g4 41. h3 1-0

[Event "Summer Team Tournament 2020"]
[Site "Skype"]
[Date "????.??.??"]
[Round "1"]
[White "Ram, Madhukesh"]
[Black "Leyton, Jairo"]
[Result "0-1"]
[WhiteElo "1523"]
[BlackElo "1555"]
[PlyCount "94"]

1. e4 c5 2. Nf3 g6 3. d4 cxd4 4. Nxd4 Bg7 5. Be3 Nc6 6. Nc3 Nf6 7. Qd2 d5 8.
Nxc6 bxc6 9. exd5 cxd5 10. Bb5+ Bd7 11. O-O-O Bxb5 12. Nxb5 O-O 13. Bh6 Qb6 14.
Nc3 Rab8 15. b3 e6 16. Bxg7 Kxg7 17. Qd4 Qc6 18. g4 Rfc8 19. g5 Qxc3 20. gxf6+
Kg8 21. Qxc3 Rxc3 22. Rd3 Rbc8 23. Rxc3 Rxc3 24. a4 Kf8 25. b4 Rc4 26. c3 Rxc3+
27. Kb2 Rc4 28. Kb3 Ke8 29. h4 h5 30. b5 Kd7 31. a5 Kc7 32. Ra1 Kb7 33. Re1
Rxh4 34. Kc3 Ra4 35. Kd3 Kc7 36. Rc1+ Rc4 37. Ra1 Rb4 38. b6+ Kb7 39. Re1 axb6
40. axb6 Kxb6 41. Ke3 Re4+ 42. Kd2 Rxe1 43. Kxe1 Kc5 44. Kd2 Kd4 45. f3 h4 46.
Ke2 Kc3 47. f4 d4 0-1